MARC

LEADER 00000nam0a2200000 4500
001 245436
005 20231101232127.0
010 |a 5020168599 
020 |a RU  |b 90-48555 
035 |a (RuTPU)RU\TPU\book\266844 
090 |a 245436 
100 |a 20131111d1990 k a0rusy5003 ca 
101 0 |a rus 
102 |a RU 
105 |a y z 001zy 
200 1 |a ООН и проблемы южно-африканского региона  |f И. Н. Куклина  |g Академия наук СССР (АН СССР), Институт мировой экономики и международных отношений (ИМЭМО) 
210 |a Москва  |c Наука  |d 1990 
215 |a 323 с.  |d 22 см 
300 |a Рез.: англ. 
320 |a Библиогр.: с. 312-319 (184 назв.) 
606 1 |a Международные отношения  |z 20 в.  |z 21 в.  |2 stltpush  |3 (RuTPU)RU\TPU\subj\41935  |9 61703 
610 1 |a Южная Африка 
610 1 |a Организация Объединенных наций 
610 1 |a конфликт международный 
610 1 |a политическое развитие 
686 |a Ф4(0)  |2 rubbk 
700 1 |a Куклина  |b И. Н.  |g Ида Николаевна  |4 070 
712 0 2 |a Академия наук СССР (АН СССР)  |b Институт мировой экономики и международных отношений (ИМЭМО)  |c (Москва)  |2 stltpush  |3 (RuTPU)RU\TPU\col\11484 
801 0 |a RU  |b RuMRKP  |c 19950417  |g psbo 
801 1 |a RU  |b 63413507  |c 20131111 
801 2 |a RU  |b 63413507  |c 20131115  |g RCR 
942 |c BK